000
00309nam a2200121Ia 4500
008
190216s9999||||xx |||||||||||||| ||und||
100
_a
Srinivasan S K And Mehata K M
245
0
_a
Probability And Random Processes
260
_b
Mannora Publications
_c
1978
300
_a
327p
650
_a
Commerce
942
_c
BK
999
_c
4250
_d
4250